000 00611cam a2200193 a 4500
001 000002537
005 20200929150217.0
008 731003s1967 nyua b 000 0 eng
040 _aDO-SdBNP
_bspa
_cBNPHU
082 _a975.9
_bD733f
100 1 _aDouglas, Marjory Stoneman,
_d1890-1998.
_97973
245 1 0 _aFlorida :
_bthe long frontier /
_cMarjory Stoneman Douglas.
260 _aNew York :
_bHarper & Row,
_c1967.
300 _ax, 307 p. :
_bil. ;
_c22 cm.
490 1 _aRegions of America
504 _aBibliografía: p. 285-298.
651 4 _aFlorida
_xHistoria.
_97974
830 0 _aRegions of America.
_97975
999 _c2373
_d2373